Kể chuyện về gia thế chủ tịch Hồ Chí Minh

Đã lưu trong:
Sonraí Bibleagrafaíochta
Príomhúdar: Chu, Trọng Huyến
Formáid: Leabhar
Teanga:English
Vietnamese
Foilsithe: Nghệ An Nghệ An 2016
Eagrán:Tái bản lần thứ mười ba, có bổ sung và sửa chữa
Ábhair:
Clibeanna: Cuir Clib Leis
Gan Chlibeanna, Bí ar an gcéad duine leis an taifead seo a chlibeáil!
Thư viện lưu trữ: Trung tâm Học liệu Lê Vũ Hùng, Trường Đại học Đồng Tháp
LEADER 00856pam a22002538a 4500
001 00042190
008 170505s1996 ||||||engsd
005 20180822080852.0
020 # # |c 40000  |a 9786049067372 
041 0 # |a vie 
082 0 4 |a 959.704 092  |b K250CH 
100 1 # |a Chu, Trọng Huyến 
245 1 0 |a Kể chuyện về gia thế chủ tịch Hồ Chí Minh  |c Chu Trọng Huyến 
250 # # |a Tái bản lần thứ mười ba, có bổ sung và sửa chữa 
260 # # |a Nghệ An  |b Nghệ An  |c 2016 
300 # # |a 121 tr.  |c 21 cm. 
600 1 4 |a Hồ, Chí Minh 
653 # # |a Chủ tịch 
653 # # |a Gia thế 
653 # # |a Tiểu sử 
653 # # |a Việt Nam 
852 # # |j KD.0024702 
910 |d 22/08/2018 
980 # # |a Trung tâm Học liệu Lê Vũ Hùng, Trường Đại học Đồng Tháp